Mantenersi sani in tempi di AIDS /

Guardat en:
Dades bibliogràfiques
Autor principal: Spizzichino, Laura (Autor)
Format: Llibre
Idioma:italià
Publicat: Roma : Tascabili Economici Newton, 1997
Col·lecció:Il sapere ; 152
Matèries:
Etiquetes: Afegir etiqueta
Sense etiquetes, Sigues el primer a etiquetar aquest registre!

MARC

LEADER 00000nam a22000007i 4500
001 IT\ICCU\UM1\0028614
003 ItRI
005 20260115231940.0
008 971119s1997 it |||||| ||||| |||||c
020 |a 8881838249 
040 |b ita  |c importazione bologna sebina 
041 7 |a ita  |2 ISO-639-2 
100 1 |a Spizzichino, Laura  |0 IT\ICCU\UM1V\007049  |4 aut 
240 1 0 |a Mantenersi sani in tempi di AIDS  |3 IT\ICCU\CAG\2148756  |9 Spizzichino, Laura 
245 1 0 |a Mantenersi sani in tempi di AIDS /  |c Laura Spizzichino. 
260 |a Roma :  |b Tascabili Economici Newton,  |c 1997 
300 |a 91 p. ;  |c 20 cm. 
650 7 |a Sindrome da immunodeficienza acquisita  |x Prevenzione 
830 3 |a Il sapere ;  |v 152  |0 IT\ICCU\RAV\0233857 
942 |2 ddc  |c BK  |n 0 
952 |0 0  |1 0  |4 0  |6 A_616_970000000000000_SPI  |7 0  |9 17527  |a BO  |b BO  |d 2026-01-15  |i 11527  |l 0  |o A 616.97 SPI  |p BO11527  |r 2026-01-15 23:19:40  |w 2026-01-15  |x [Sebina 5] [1 v.]  |y BK  |z 1 v. 
999 |c 14949  |d 14949